00573nam a2200157Ia 4500008004100000040001600041041001200057082001600069100002500085245009400110260003400204300001700238942000700255952013400262999001900396230917s9999||||xx |||||||||||||| ||und|| e57372aMAIN aEnglish a294.1 C394C aChakraborty, Chhanda 0aCommon life in the rgveda and atharvaveda: An account of the folklore in the vedic period aCalcuttabPunthi Pustakc1997 axxii, 278 p. cBK 0010406294_100000000000000_C394C709316107aMAINbMAINd2002-12-24l0o294.1 C394Cp42823r2023-09-17 21:55:40w2023-09-17yBK c186929d186929